Vista normal
Vista MARC
Entrada Nombre personal
Número de registros utilizados en: 2
001 - NÚMERO DE CONTROL
- campo de control: 78979
003 - IDENTIFICADOR DEL NÚMERO DE CONTROL
- campo de control: BNPHU
005 - FECHA Y HORA DE LA ÚLTIMA TRANSACCIÓN
- campo de control: 20240226144534.0
008 - DATOS DE LONGITUD FIJA
- campo de control de longitud fija: 210623|| aca||aabn | a|a d
040 ## - FUENTE DE LA CATALOGACIÓN
- Centro catalogador/agencia de origen: DO-SdBNP
- Lengua de catalogación: spa
- Centro/agencia transcriptor: BNPHU
- Normas de descripción: rda
100 1# - ENCABEZAMIENTO-NOMBRE DE PERSONA
- Nombre de persona: Vargas Maldonado , Miguel
374 ## - OCUPACIÓN
- Ocupación: ingeniero civil
- Ocupación: Empresario
- Ocupación: Político
375 ## - GÉNERO/SEXO
- Género/Sexo: Masculino
377 ## - LENGUA/LENGUAJE ASOCIADO
- Código del idioma: spa
400 1# - TRAZADO DE VÉASE--NOMBRE DE PERSONA
- Nombre de persona: Maldonado, Miguel Vargas,
- Fechas asociadas al nombre: 1957-
670 ## - FUENTE DE DATOS ENCONTRADOS
- Cita de la fuente: Vargas Maldonado , Miguel, Discursos & charlas, 2000-2004 /, 2004
670 ## - FUENTE DE DATOS ENCONTRADOS
- Cita de la fuente: Miguel Vargas, mi presidente, 2008
